[Event "Tamil Nadu IM 12th"]
[Site "Chennai"]
[Date "2024.01.10"]
[Round "3"]
[White "Pradeep, Kumar RA"]
[Black "Prasannaa, S."]
[Result "1-0"]
[WhiteElo "2189"]
[BlackElo "2213"]
[PlyCount "77"]
[EventDate "2024.01.09"]
[EventType "tourn"]
[EventRounds "9"]
[EventCountry "IND"]
[SourceTitle "CBM 218 Extra"]
[Source "ChessBase"]
[SourceDate "2024.03.31"]
[SourceVersion "1"]
[SourceVersionDate "2024.03.31"]
[SourceQuality "1"]

1. g3 e5 2. c4 Nf6 3. Bg2 c6 4. d4 e4 5. Nh3 d5 6. cxd5 cxd5 7. 0-0 h6 8. f3 exf3 9. Rxf3 Bxh3 10. Bxh3 Nc6 11. Nc3 Be7 12. Rf5 0-0 13. a3 Qb6 14. e3 Rad8 15. b4 g6 16. Rf2 Ne4 17. Nxe4 dxe4 18. Qb3 a5 19. b5 Na7 20. a4 Kg7 21. Bb2 f5 22. Raf1 h5 23. Bg2 Nc8 24. Rc1 Bf6 25. Ba3 Nd6 26. Rfc2 Rd7 27. Qe6 Qd8 28. b6 Re8 29. Qxd7+ Qxd7 30. Rc7 Re7 31. Rxd7 Rxd7 32. Rc7 Rxc7 33. bxc7 Nc8 34. Bf1 Bg5 35. Kf2 Kf6 36. d5 Bh6 37. d6 Ke6 38. Bc4+ Kd7 39. Bb5+ 1-0

[Event "IND-ch 57th"]
[Site "Majitar"]
[Date "2019.12.14"]
[Round "6"]
[White "Das, Sayantan"]
[Black "Pradeep, Kumar RA"]
[Result "1/2-1/2"]
[WhiteElo "2440"]
[BlackElo "2270"]
[PlyCount "143"]
[EventDate "2019.12.10"]
[EventType "swiss"]
[EventRounds "11"]
[EventCountry "IND"]
[SourceTitle "CBM 193 Extra"]
[Source "ChessBase"]
[SourceDate "2020.01.31"]
[SourceVersion "1"]
[SourceVersionDate "2020.01.31"]
[SourceQuality "1"]

1. e4 c5 2. Nf3 g6 3. d4 cxd4 4. Nxd4 Nc6 5. c4 Bg7 6. Be3 Nf6 7. Nc3 d6 8. Be2 Nxd4 9. Qxd4 0-0 10. Qd2 Bd7 11. 0-0 Bc6 12. f3 a5 13. b3 Nd7 14. Rab1 Nc5 15. Rfc1 e6 16. Nb5 Be5 17. Qe1 Qf6 18. Qf2 Bxb5 19. cxb5 Bf4 20. Rd1 Bxe3 21. Qxe3 Qe5 22. Rd4 Rad8 23. Rbd1 g5 24. Qd2 b6 25. Rxd6 Nb7 26. Rd4 Kg7 27. Qe3 Rxd4 28. Qxd4 Qxd4+ 29. Rxd4 Kf6 30. Rd7 Nc5 31. Rd6 Rb8 32. Kf2 Ke5 33. Rd2 Rb7 34. Ke3 f5 35. exf5 exf5 36. Rd8 f4+ 37. Kd2 Rd7+ 38. Rxd7 Nxd7 39. Kc3 Nf6 40. Bc4 g4 41. a4 gxf3 42. gxf3 Nd7 43. Bd3 h6 44. Be4 Nc5 45. Bc2 Nd7 46. b4 axb4+ 47. Kxb4 Kd6 48. Be4 Nc5 49. Bf5 Nb7 50. Bh7 Ke5 51. Be4 Nc5 52. Bc2 Nb7 53. Kc3 Nd6 54. Kb4 Nb7 55. Be4 Nc5 56. Bc6 Kd4 57. a5 Nd3+ 58. Ka3 bxa5 59. b6 Nc5 60. b7 Nxb7 61. Bxb7 Ke3 62. h4 h5 63. Ka4 Kf2 64. Kxa5 Kg3 65. Kb4 Kxh4 66. Kc3 Kg3 67. Kd4 h4 68. Bc8 Kxf3 69. Bb7+ Kg3 70. Kd3 h3 71. Ke2 h2 72. Bf3 1/2-1/2

[Event "Hyderabad Pearl City op"]
[Site "Hyderabad"]
[Date "2019.09.10"]
[Round "8"]
[White "Mitrabha, Guha"]
[Black "Pradeep, Kumar RA"]
[Result "1-0"]
[WhiteElo "2414"]
[BlackElo "2276"]
[PlyCount "93"]
[EventDate "2019.09.06"]
[EventType "swiss"]
[EventRounds "11"]
[EventCountry "IND"]
[SourceTitle "EXT 2020"]
[Source "ChessBase"]
[SourceDate "2019.10.17"]
[SourceVersion "1"]
[SourceVersionDate "2019.10.17"]
[SourceQuality "1"]

1. d4 Nf6 2. Nf3 g6 3. g3 Bg7 4. Bg2 d6 5. 0-0 0-0 6. a4 Na6 7. Re1 c5 8. d5 Bf5 9. Nbd2 Qc8 10. e4 Bg4 11. Nc4 Rd8 12. c3 e5 13. dxe6 Qxe6 14. Ne3 Bh5 15. h3 Bxf3 16. Qxf3 Re8 17. Ng4 Nxg4 18. hxg4 Nb8 19. Qe2 Nc6 20. f4 d5 21. e5 Rad8 22. Qf3 d4 23. g5 Na5 24. cxd4 cxd4 25. Ra3 Bf8 26. Rd3 Nc6 27. Bd2 Qa2 28. b3 Nb4 29. Bxb4 Bxb4 30. Qe2 Qxe2 31. Rxe2 b6 32. Bc6 Re7 33. Bb5 Kg7 34. g4 Rc7 35. Bc4 Ba3 36. Kg2 Bc1 37. Kf3 a6 38. Re1 b5 39. axb5 axb5 40. Rxc1 bxc4 41. Rxc4 Rb7 42. b4 Ra8 43. Rcxd4 h6 44. gxh6+ Kxh6 45. Rd7 Rxb4 46. Rxf7 Ra1 47. g5+ 1-0

[Event "Bhubaneswar op 12th"]
[Site "Bhubaneswar"]
[Date "2019.06.02"]
[Round "3"]
[White "Pradeep, Kumar RA"]
[Black "Iturrizaga Bonelli, Eduardo"]
[Result "0-1"]
[WhiteElo "2296"]
[BlackElo "2637"]
[PlyCount "130"]
[EventDate "2019.05.31"]
[EventType "swiss"]
[EventRounds "10"]
[EventCountry "IND"]
[SourceTitle "CBM 190 Extra"]
[Source "ChessBase"]
[SourceDate "2019.07.15"]
[SourceVersion "1"]
[SourceVersionDate "2019.07.15"]
[SourceQuality "1"]

1. Nf3 g6 2. c4 Bg7 3. d4 e6 4. g3 Ne7 5. Bg2 d5 6. 0-0 0-0 7. Nc3 Nbc6 8. cxd5 exd5 9. Bf4 Bg4 10. Ne5 Nxe5 11. Bxe5 c6 12. Bxg7 Kxg7 13. b4 h5 14. Qd2 Qd7 15. Rfe1 Rad8 16. Qf4 Rfe8 17. Rab1 Bf5 18. Rb2 a6 19. Na4 Nc8 20. Nc5 Qe7 21. Rb3 Nd6 22. Re3 Qf6 23. Re5 Rh8 24. Qc1 Bc8 25. h4 Nc4 26. Ne4 dxe4 27. Qxc4 Rhe8 28. Qc3 Rxe5 29. dxe5 Qf5 30. a3 Be6 31. Qc2 Rd4 32. e3 Rd3 33. Qb2 Rd5 34. Qc2 Rxe5 35. Qc3 Qf6 36. Qd4 Bd5 37. a4 Re7 38. Qxf6+ Kxf6 39. Bf1 Ke5 40. a5 Be6 41. Rc1 Rd7 42. Bc4 Bxc4 43. Rxc4 Rd1+ 44. Kg2 f5 45. Rc2 Kd6 46. f3 Rb1 47. fxe4 Rxb4 48. exf5 gxf5 49. Rd2+ Kc7 50. Kf3 Ra4 51. Rg2 Rxa5 52. Kf4 Rd5 53. Kg5 b5 54. Kxh5 f4+ 55. Kg6 fxg3 56. h5 a5 57. h6 a4 58. h7 Rd8 59. e4 a3 60. e5 b4 61. e6 b3 62. e7 Rh8 63. Kg7 Rxh7+ 64. Kxh7 Kd7 65. Re2 Ke8 0-1

[Event "Goa op 1st"]
[Site "Taleigao"]
[Date "2018.10.14"]
[Round "3"]
[White "Pradeep, Kumar RA"]
[Black "Sivuk, Vitaly"]
[Result "0-1"]
[WhiteElo "2279"]
[BlackElo "2545"]
[PlyCount "55"]
[EventDate "2018.10.13"]
[EventType "swiss"]
[EventRounds "10"]
[EventCountry "IND"]
[SourceTitle "CBM 186 Extra"]
[Source "ChessBase"]
[SourceDate "2018.08.24"]
[SourceVersion "1"]
[SourceVersionDate "2018.08.24"]
[SourceQuality "1"]

1. Nf3 d5 2. c4 Nc6 3. g3 d4 4. Bg2 e5 5. 0-0 Nf6 6. d3 Be7 7. b4 Nxb4 8. Nxe5 0-0 9. Nd2 Bd6 10. a3 Na6 11. Nef3 c5 12. Rb1 Rb8 13. Ng5 b6 14. Nge4 Nxe4 15. Nxe4 Bc7 16. f4 Bb7 17. f5 f6 18. Rf2 Be5 19. Qf1 Qc7 20. Bf3 Bc6 21. Bd2 Rbd8 22. Qh3 Nb8 23. Rg2 Rf7 24. Rf1 Nd7 25. Rgf2 h6 26. Qg2 Kf8 27. h4 Rc8 28. Bh5 0-1

[Event "Mumbai Wealth op 3rd"]
[Site "Mumbai"]
[Date "2018.01.05"]
[Round "7"]
[White "Sidhant, Mohapatra"]
[Black "Pradeep, Kumar RA"]
[Result "1/2-1/2"]
[WhiteElo "2382"]
[BlackElo "2236"]
[PlyCount "152"]
[EventDate "2017.12.30"]
[EventType "swiss"]
[EventRounds "9"]
[EventCountry "IND"]
[SourceTitle "CBM 182 Extra"]
[Source "ChessBase"]
[SourceDate "2018.02.23"]
[SourceVersion "1"]
[SourceVersionDate "2018.02.23"]
[SourceQuality "1"]

1. g3 Nf6 2. Bg2 g6 3. e4 d6 4. d4 Bg7 5. Nc3 0-0 6. Nge2 e5 7. h3 c6 8. 0-0 Na6 9. Be3 exd4 10. Nxd4 Re8 11. Nb3 Be6 12. Re1 Qd7 13. Kh2 b5 14. Nd4 b4 15. Nce2 Bc4 16. b3 Bxe2 17. Qxe2 Nc5 18. Qc4 Nfxe4 19. Qxb4 a5 20. Qa3 h5 21. Rad1 h4 22. g4 d5 23. c4 Qb7 24. Kg1 Bf8 25. Qc1 Rac8 26. Nf3 Be7 27. Bd4 Ne6 28. Ba1 Kh7 29. Nd4 Bg5 30. Qc2 Nf4 31. Nf3 Bh6 32. Nxh4 Ng5 33. Be5 Nxg2 34. Kxg2 d4 35. c5 Qd7 36. Qc4 Ne6 37. Kf1 Rcd8 38. Nf3 Qd5 39. Qxd5 Rxd5 40. Bf6 d3 41. Re5 Rxe5 42. Nxe5 Nxc5 43. Nxd3 Ne4 44. Be5 c5 45. Kg2 a4 46. f3 axb3 47. axb3 Nd2 48. g5 Bxg5 49. f4 Nxb3 50. fxg5 c4 51. Bf6 cxd3 52. Rxd3 Nc5 53. Rd4 Ne4 54. Rd7 Nxf6 55. Rxf7+ Kg8 56. Rxf6 Kg7 57. Kf3 Rh8 58. Kg4 Ra8 59. Rf4 Ra1 60. Rb4 Rg1+ 61. Kf4 Rf1+ 62. Ke4 Re1+ 63. Kd5 Rd1+ 64. Rd4 Rf1 65. Ke6 Re1+ 66. Kd7 Kf7 67. h4 Re2 68. Kd8 Re8+ 69. Kc7 Re7+ 70. Kd6 Re1 71. Ra4 Rd1+ 72. Ke5 Re1+ 73. Re4 Ra1 74. Rf4+ Kg7 75. Rb4 Re1+ 76. Re4 Ra1 1/2-1/2

[Event "Mumbai Wealth op 3rd"]
[Site "Mumbai"]
[Date "2017.12.30"]
[Round "1"]
[White "Pradeep, Kumar RA"]
[Black "Anant, Prabhudesai"]
[Result "1-0"]
[WhiteElo "2236"]
[BlackElo "1932"]
[PlyCount "101"]
[EventDate "2017.12.30"]
[EventType "swiss"]
[EventRounds "9"]
[EventCountry "IND"]
[SourceTitle "CBM 182 Extra"]
[Source "ChessBase"]
[SourceDate "2018.02.23"]
[SourceVersion "1"]
[SourceVersionDate "2018.02.23"]
[SourceQuality "1"]

1. Nf3 Nf6 2. c4 e6 3. g3 b6 4. Bg2 Bb7 5. 0-0 Be7 6. d4 0-0 7. Re1 Re8 8. Nc3 Ne4 9. Nxe4 Bxe4 10. Bf1 Bf6 11. Nd2 Bb7 12. d5 Na6 13. e4 d6 14. Bg2 Nc5 15. Nb3 Nxb3 16. Qxb3 a5 17. a4 Bd4 18. Be3 Qf6 19. dxe6 Bxe3 20. exf7+ Qxf7 21. Rxe3 Re5 22. Qc2 Rae8 23. Rae1 Rc5 24. b3 Qg6 25. Qe2 Bc6 26. f4 h6 27. Qb2 Kh8 28. Qd4 Qf7 29. Bh3 Qh5 30. Bg2 Qg6 31. Rf1 Qh5 32. Qd1 Qxd1 33. Rxd1 d5 34. cxd5 Bxd5 35. Red3 Bc6 36. e5 Bxg2 37. Kxg2 Re7 38. Kf3 Kg8 39. Ke4 g6 40. Rd7 Kf7 41. g4 Rc2 42. R1d2 Rc1 43. Rxe7+ Kxe7 44. f5 Rg1 45. Kd5 Rxg4 46. f6+ Kd7 47. e6+ Ke8 48. e7 Rg1 49. Kc6 Kf7 50. Re2 Rc1+ 51. Kb7 1-0

[Event "Mumbai Mayors Cup 10th"]
[Site "Mumbai"]
[Date "2017.06.11"]
[Round "10"]
[White "Pradeep, Kumar RA"]
[Black "Hossain, Enamul"]
[Result "1/2-1/2"]
[WhiteElo "2311"]
[BlackElo "2452"]
[PlyCount "141"]
[EventDate "2017.06.04"]
[EventType "swiss"]
[EventRounds "10"]
[EventCountry "IND"]
[SourceTitle "CBM 178 Extra"]
[Source "ChessBase"]
[SourceDate "2017.06.22"]
[SourceVersion "1"]
[SourceVersionDate "2017.06.22"]
[SourceQuality "1"]

1. Nf3 c5 2. g3 Nc6 3. Bg2 g6 4. 0-0 Bg7 5. c4 e6 6. Nc3 Nge7 7. d3 0-0 8. Bd2 d5 9. cxd5 exd5 10. Rc1 b6 11. Bg5 h6 12. Bxe7 Nxe7 13. d4 cxd4 14. Nxd4 Bb7 15. Qd3 Qd7 16. Rfd1 Rfd8 17. Qb5 Qd6 18. Qb3 a6 19. Nc2 Rac8 20. Ne3 Bxc3 21. bxc3 Rc5 22. c4 Qc7 23. Qb2 d4 24. Rxd4 Rxd4 25. Qxd4 Bxg2 26. Kxg2 Nf5 27. Nxf5 Rxf5 28. Rd1 Kh7 29. e4 Rc5 30. Qd6 Qb7 31. Rd4 Rc6 32. Qf4 Rc5 33. Qd2 b5 34. cxb5 axb5 35. Qd3 Qe7 36. Rd7 Qe6 37. Qd4 Rc4 38. Qd5 Qxe4+ 39. Qxe4 Rxe4 40. Rxf7+ Kg8 41. Ra7 b4 42. h4 Rc4 43. Kf3 b3 44. axb3 Rc3+ 45. Kg4 Rxb3 46. h5 Rb5 47. hxg6 Rg5+ 48. Kf4 Rxg6 49. Kf5 Rc6 50. Re7 Rc5+ 51. Kf6 Rc3 52. Kg6 Rc6+ 53. Kh5 Rd6 54. f4 Rf6 55. Kg4 Rg6+ 56. Kf3 h5 57. Re5 Rh6 58. Kg2 h4 59. g4 h3+ 60. Kh2 Rh4 61. Rg5+ Kf7 62. f5 Kf6 63. Rg8 Kf7 64. Rg6 Kf8 65. g5 Rh5 66. f6 Kf7 67. Rg7+ Kf8 68. g6 Rh6 69. Kh1 h2 70. Rf7+ Kg8 71. Rg7+ 1/2-1/2

[Event "Mumbai Mayors Cup 10th"]
[Site "Mumbai"]
[Date "2017.06.09"]
[Round "8"]
[White "Pradeep, Kumar RA"]
[Black "Jayakumaar, S."]
[Result "1/2-1/2"]
[WhiteElo "2311"]
[BlackElo "2182"]
[PlyCount "133"]
[EventDate "2017.06.04"]
[EventType "swiss"]
[EventRounds "10"]
[EventCountry "IND"]
[SourceTitle "CBM 178 Extra"]
[Source "ChessBase"]
[SourceDate "2017.06.22"]
[SourceVersion "1"]
[SourceVersionDate "2017.06.22"]
[SourceQuality "1"]

1. e4 c5 2. Nf3 Nc6 3. Bb5 g6 4. Bxc6 dxc6 5. d3 Bg7 6. h3 Nf6 7. Be3 Nd7 8. Nc3 e5 9. Qd2 h6 10. 0-0 Qe7 11. Nh2 Nf8 12. f4 exf4 13. Bxf4 Ne6 14. Bg3 0-0 15. e5 Nd4 16. Rae1 Bf5 17. Ne4 Bxe4 18. Rxe4 Rad8 19. Bh4 g5 20. Bg3 Qe6 21. Ng4 Qg6 22. Qd1 Nf5 23. Bf2 Rfe8 24. Qf3 Nd4 25. Bxd4 Rxd4 26. Rxd4 cxd4 27. Nf6+ Bxf6 28. exf6 Re6 29. b4 Kh7 30. a4 b6 31. a5 bxa5 32. bxa5 c5 33. Rf2 h5 34. Rf1 g4 35. hxg4 hxg4 36. Qg3 Rxf6 37. Rxf6 Qxf6 38. Qxg4 Qe5 39. Kf1 f5 40. Qg5 c4 41. g4 cxd3 42. cxd3 Qxa5 43. gxf5 Qa1+ 44. Ke2 Qa2+ 45. Kf3 Qd5+ 46. Kf4 Qd6+ 47. Ke4 Qc6+ 48. Kxd4 Qb6+ 49. Kc3 Qc6+ 50. Kb2 Qb6+ 51. Kc2 Qc6+ 52. Kd1 Qf3+ 53. Kd2 Qf2+ 54. Kc1 Qf1+ 55. Kc2 Qf2+ 56. Kb3 Qb6+ 57. Kc4 Qc6+ 58. Kd4 Qb6+ 59. Ke5 Qc5+ 60. Ke6 Qc6+ 61. Ke7 Qc7+ 62. Ke8 Qc8+ 63. Kf7 Qd7+ 64. Kf8 Qc8+ 65. Ke7 Qc7+ 66. Ke8 Qc8+ 67. Ke7 1/2-1/2

[Event "Mumbai Mayors Cup 10th"]
[Site "Mumbai"]
[Date "2017.06.07"]
[Round "6"]
[White "Pradeep, Kumar RA"]
[Black "Mahindrakar, Indrajeet"]
[Result "1/2-1/2"]
[WhiteElo "2311"]
[BlackElo "1966"]
[PlyCount "71"]
[EventDate "2017.06.04"]
[EventType "swiss"]
[EventRounds "10"]
[EventCountry "IND"]
[SourceTitle "CBM 178 Extra"]
[Source "ChessBase"]
[SourceDate "2017.06.22"]
[SourceVersion "1"]
[SourceVersionDate "2017.06.22"]
[SourceQuality "1"]

1. Nf3 d5 2. g3 c5 3. Bg2 Nc6 4. 0-0 e5 5. d3 Be6 6. e4 h6 7. exd5 Bxd5 8. Re1 Bd6 9. Nc3 Be6 10. Ne4 Nf6 11. Nxd6+ Qxd6 12. Nxe5 Nxe5 13. Bf4 Nfd7 14. Bxe5 Nxe5 15. f4 Qd4+ 16. Kh1 Nxd3 17. Qxd3 Qxd3 18. cxd3 0-0 19. Re5 Rad8 20. f5 Bc8 21. Rxc5 b6 22. Rd5 Rxd5 23. Bxd5 Bxf5 24. Bc4 Re8 25. Rf1 Bg6 26. Rf2 Re1+ 27. Kg2 Rd1 28. b4 Kf8 29. Kh3 f6 30. Bb3 Rg1 31. d4 Ke7 32. Re2+ Kd6 33. Kg4 Rf1 34. Kh4 Rf5 35. Kh3 Rg5 36. Re6+ 1/2-1/2

[Event "Mumbai Mayors Cup 10th"]
[Site "Mumbai"]
[Date "2017.06.04"]
[Round "1"]
[White "Alahakoon, Isuru"]
[Black "Pradeep, Kumar RA"]
[Result "1-0"]
[WhiteElo "2047"]
[BlackElo "2311"]
[PlyCount "77"]
[EventDate "2017.06.04"]
[EventType "swiss"]
[EventRounds "10"]
[EventCountry "IND"]
[SourceTitle "CBM 178 Extra"]
[Source "ChessBase"]
[SourceDate "2017.06.22"]
[SourceVersion "1"]
[SourceVersionDate "2017.06.22"]
[SourceQuality "1"]

1. d4 Nf6 2. Bf4 g6 3. Nc3 d5 4. e3 Bg7 5. h4 c5 6. Nb5 Na6 7. c3 0-0 8. Be2 h5 9. Nf3 Ng4 10. Ne5 cxd4 11. Nxg4 Bxg4 12. Bxg4 hxg4 13. cxd4 Qb6 14. Nc3 Rad8 15. Rb1 Qe6 16. h5 Nb4 17. a3 Nc6 18. Kf1 Qf5 19. Ne2 e5 20. dxe5 d4 21. Ng3 Qe6 22. e4 Nxe5 23. Rc1 Qa6+ 24. Kg1 Nd3 25. Bg5 Nxc1 26. Qxc1 Rc8 27. Qd1 Qe6 28. Rh4 Bf6 29. Bxf6 Qxf6 30. Rxg4 Rc5 31. Qb3 Rg5 32. Rxg5 Qxg5 33. hxg6 Qxg6 34. Nf5 Qg5 35. g3 Rd8 36. f4 Qf6 37. Qd3 Kf8 38. a4 Qc6 39. Qa3+ 1-0

[Event "New Delhi Parsvnath op 14th"]
[Site "New Delhi"]
[Date "2016.01.12"]
[Round "6"]
[White "Pradeep, Kumar RA"]
[Black "Ernst, Sipke"]
[Result "1-0"]
[WhiteElo "2302"]
[BlackElo "2536"]
[PlyCount "99"]
[EventDate "2016.01.09"]
[EventType "swiss"]
[EventRounds "10"]
[EventCountry "IND"]
[SourceTitle "CBM 170 Extra"]
[Source "ChessBase"]
[SourceDate "2016.02.25"]
[SourceVersion "1"]
[SourceVersionDate "2016.02.25"]
[SourceQuality "1"]

1. Nf3 d5 2. g3 c6 3. Bg2 Bg4 4. c4 e6 5. 0-0 Nd7 6. d4 Ngf6 7. b3 Be7 8. Bb2 0-0 9. Nc3 Qb6 10. Nd2 Rad8 11. Qc2 Bf5 12. e4 dxe4 13. Ncxe4 Bb4 14. c5 Qa6 15. Nc4 Nxe4 16. Bxe4 Bxe4 17. Qxe4 Nf6 18. Qc2 Nd5 19. Bc1 Bc3 20. Bb2 Ba5 21. a4 Ne7 22. b4 Bxb4 23. a5 Nd5 24. Rfb1 Bc3 25. Nd6 Bxa5 26. Bc1 b6 27. Rb2 Ne7 28. Bg5 Rd7 29. Bxe7 Rxe7 30. Qe4 f5 31. Qf3 h6 32. h4 Kh8 33. Re2 Rf6 34. Re5 Kg8 35. Kg2 Kh8 36. Ra3 Kg8 37. Qxc6 f4 38. g4 f3+ 39. Rxf3 Rxf3 40. Qxf3 bxc5 41. Rxe6 Rxe6 42. Qf7+ Kh7 43. Qxe6 cxd4 44. Qe4+ Kg8 45. Qd5+ Kh8 46. h5 Kh7 47. Qe4+ Kg8 48. Qa8+ Kh7 49. Nf7 Bd8 50. Qe4+ 1-0

[Event "New Delhi Parsvnath op 13th"]
[Site "New Delhi"]
[Date "2015.01.13"]
[Round "7"]
[White "Pradeep, Kumar RA"]
[Black "Aradhya, Garg"]
[Result "1-0"]
[WhiteElo "2291"]
[BlackElo "2158"]
[PlyCount "71"]
[EventDate "2015.01.09"]
[EventType "tourn"]
[EventRounds "10"]
[EventCountry "IND"]
[SourceTitle "CBM 164 Extra"]
[Source "ChessBase"]
[SourceDate "2015.03.02"]
[SourceVersion "1"]
[SourceVersionDate "2015.03.02"]
[SourceQuality "1"]

1. Nf3 d5 2. c4 d4 3. g3 Nc6 4. Bg2 e5 5. 0-0 Nf6 6. d3 a5 7. Na3 Be7 8. Nc2 0-0 9. a3 Nd7 10. Rb1 a4 11. Bd2 Na5 12. Na1 Nc6 13. Nc2 Nc5 14. Nb4 f6 15. Nxc6 bxc6 16. Bb4 Be6 17. Nd2 Qd7 18. f4 exf4 19. Rxf4 Bf7 20. Rf2 Rfe8 21. Qf1 Bd6 22. Kh1 Ne6 23. Ne4 Bg6 24. Bd2 Bxe4 25. Bxe4 Nc5 26. Bf5 Qf7 27. Qg2 Ra6 28. Rbf1 Nb3 29. Bf4 Bf8 30. Qh3 g6 31. Bd7 Re7 32. Bg5 f5 33. Bxf5 gxf5 34. Rxf5 Ra5 35. Rxf7 Rxf7 36. Qe6 1-0

[Event "New Delhi Parsvnath op 13th"]
[Site "New Delhi"]
[Date "2015.01.12"]
[Round "5"]
[White "Pradeep, Kumar RA"]
[Black "Thing, Bibek"]
[Result "1-0"]
[WhiteElo "2291"]
[BlackElo "1979"]
[PlyCount "65"]
[EventDate "2015.01.09"]
[EventType "tourn"]
[EventRounds "10"]
[EventCountry "IND"]
[SourceTitle "CBM 164 Extra"]
[Source "ChessBase"]
[SourceDate "2015.03.02"]
[SourceVersion "1"]
[SourceVersionDate "2015.03.02"]
[SourceQuality "1"]

1. Nf3 Nf6 2. c4 g6 3. g3 Bg7 4. Bg2 d6 5. d4 0-0 6. 0-0 c6 7. Nc3 Qa5 8. e4 Bg4 9. h3 Bxf3 10. Bxf3 Nbd7 11. Be3 e5 12. d5 cxd5 13. cxd5 Rfc8 14. a3 Qd8 15. Rc1 a6 16. Qe2 h5 17. b4 Kh7 18. g4 hxg4 19. hxg4 b5 20. a4 Rc4 21. axb5 Rac8 22. bxa6 Rxb4 23. Bd2 Nc5 24. Nb5 Rb2 25. a7 Qd7 26. Rb1 Rxd2 27. Qxd2 Nfxe4 28. Bxe4 Nxe4 29. Qe2 Nd2 30. Nxd6 Nxb1 31. Nxc8 Nc3 32. Qf3 Qxc8 33. Ra1 1-0

[Event "New Delhi Parsvnath op 13th"]
[Site "New Delhi"]
[Date "2015.01.11"]
[Round "4"]
[White "Cruz, Cristhian"]
[Black "Pradeep, Kumar RA"]
[Result "1-0"]
[WhiteElo "2546"]
[BlackElo "2291"]
[PlyCount "101"]
[EventDate "2015.01.09"]
[EventType "tourn"]
[EventRounds "10"]
[EventCountry "IND"]
[SourceTitle "CBM 164 Extra"]
[Source "ChessBase"]
[SourceDate "2015.03.02"]
[SourceVersion "1"]
[SourceVersionDate "2015.03.02"]
[SourceQuality "1"]

1. d4 Nf6 2. c4 g6 3. Nc3 Bg7 4. e4 d6 5. Be2 0-0 6. Bg5 c5 7. d5 Na6 8. Qd2 Nc7 9. h4 b5 10. cxb5 a6 11. bxa6 Bxa6 12. h5 Qb8 13. hxg6 fxg6 14. Rb1 Qb4 15. Rh4 Qa5 16. Bxa6 Rxa6 17. Nge2 Rb8 18. f3 Nb5 19. Nxb5 Qxd2+ 20. Kxd2 Rxb5 21. Kc2 Nd7 22. Nc3 Bxc3 23. Kxc3 Rxa2 24. Bxe7 Nb6 25. Bf6 Rb4 26. Kc2 Nc4 27. Kc1 Ne3 28. Kd2 Nc4+ 29. Kc1 Ne3 30. Rh2 Rb3 31. Kd2 Nc4+ 32. Kc2 Re3 33. Rbh1 Na3+ 34. Kd2 Nc4+ 35. Kc2 Na3+ 36. Kc1 Ra1+ 37. Kd2 Nc4+ 38. Kc2 Ree1 39. Rxe1 Rxe1 40. Kd3 Nb6 41. Bh4 Rd1+ 42. Kc2 Rf1 43. Bg3 Nc4 44. Bf4 Rf2+ 45. Kc3 Nxb2 46. Bxd6 Nd1+ 47. Kc4 Rc2+ 48. Kd3 Rc1 49. Kd2 Ra1 50. Be5 Rb1 51. Kc2 1-0

[Event "Chennai op 7th"]
[Site "Chennai"]
[Date "2015.01.02"]
[Round "6"]
[White "Deepan Chakkravarthy, J."]
[Black "Pradeep, Kumar RA"]
[Result "1/2-1/2"]
[WhiteElo "2489"]
[BlackElo "2291"]
[PlyCount "78"]
[EventDate "2014.12.30"]
[EventType "swiss"]
[EventRounds "10"]
[EventCountry "IND"]
[SourceTitle "CBM 164 Extra"]
[Source "ChessBase"]
[SourceDate "2015.03.02"]
[SourceVersion "1"]
[SourceVersionDate "2015.03.02"]
[SourceQuality "1"]

1. e4 c5 2. Nf3 Nc6 3. Bb5 g6 4. Bxc6 dxc6 5. d3 Bg7 6. h3 Nf6 7. 0-0 0-0 8. Be3 Nd7 9. Nc3 e5 10. Nd2 Qe7 11. a4 a5 12. Nc4 Rd8 13. Qf3 Nf8 14. Qg3 Ne6 15. Ne2 Qc7 16. Bd2 b6 17. Bc3 Nd4 18. Nxd4 cxd4 19. Bd2 Be6 20. b3 Bxc4 21. bxc4 b5 22. axb5 cxb5 23. cxb5 Rdb8 24. f4 Qxc2 25. Bxa5 Rxb5 26. fxe5 Rbxa5 27. Rxa5 Rxa5 28. e6 Re5 29. Qf4 Qc7 30. exf7+ Kf8 31. Qd2 Re7 32. Qb4 Be5 33. Qa3 Qb7 34. Qc5 Bb8 35. Qg5 Rxf7 36. Qd8+ Kg7 37. Qxd4+ Kh6 38. Qe3+ Kg7 39. Qd4+ Kf8 1/2-1/2

[Event "Varna op-A 8th"]
[Site "Varna"]
[Date "2014.06.24"]
[Round "6"]
[White "Pradeep, Kumar RA"]
[Black "Kukov, Velislav"]
[Result "0-1"]
[WhiteElo "2268"]
[BlackElo "2410"]
[PlyCount "208"]
[EventDate "2014.06.19"]
[EventType "swiss"]
[EventRounds "9"]
[EventCountry "BUL"]
[SourceTitle "CBM 161 Extra"]
[Source "ChessBase"]
[SourceDate "2014.08.29"]
[SourceVersion "1"]
[SourceVersionDate "2014.08.29"]
[SourceQuality "1"]

1. Nf3 Nc6 2. d4 d5 3. g3 Bf5 4. Bg2 e6 5. 0-0 Bd6 6. c4 Nf6 7. Nc3 dxc4 8. Qa4 0-0 9. Qxc4 Qd7 10. e3 e5 11. dxe5 Bxe5 12. Rd1 Qe7 13. e4 Bxc3 14. exf5 Ba5 15. Bf4 Bb6 16. a3 Rad8 17. h3 Qe4 18. Qxe4 Nxe4 19. Rf1 Rfe8 20. g4 Nd6 21. Rfe1 Nc4 22. Rxe8+ Rxe8 23. b3 Nb2 24. Bf1 Rd8 25. Bg3 Nd4 26. Nxd4 Rxd4 27. Re1 Kf8 28. Re2 Nd3 29. Rc2 c6 30. a4 a6 31. Rc3 Nc5 32. Kg2 Ne4 33. Rd3 Nd2 34. Bd6+ Ke8 35. Be5 Rxd3 36. Bxd3 f6 37. Bc3 Nxb3 38. Bc4 Bd4 39. Bb4 Nc5 40. a5 Nd7 41. Be6 c5 42. Bd2 Kd8 43. h4 h6 44. Bf4 Ne5 45. g5 hxg5 46. hxg5 Nd3 47. Bd2 fxg5 48. Bxg5+ Kc7 49. Bd5 Bc3 50. Be4 Nb4 51. Bf4+ Kc8 52. Bd6 Bd4 53. Kg3 Nc6 54. f4 Kd7 55. Bf8 Nxa5 56. Kg4 Nc6 57. Kg5 Ne7 58. Bxb7 a5 59. Ba6 Bf6+ 60. Kg4 Kc6 61. Bxe7 Bxe7 62. Bc4 a4 63. Kf3 Kb6 64. Ke4 Ka5 65. Kd3 Kb4 66. Be6 Bf6 67. Bf7 Bb2 68. Be6 Bc1 69. Bf7 Bxf4 70. Be6 Be5 71. Bf7 Ka3 72. Kc2 Kb4 73. Kd3 Kb5 74. Bc4+ Ka5 75. Bf7 Kb6 76. Bc4 Kc6 77. Ba2 Bf6 78. Bc4 Bb2 79. Ba2 Kd6 80. Ke4 Bc3 81. Bc4 Ke7 82. Ba2 Kf6 83. Kf4 Bd4 84. Ke4 Kg5 85. Be6 a3 86. Bc4 Kg4 87. Ba2 Kg3 88. Bb1 Kf2 89. Kd3 Kf3 90. Kc4 Ke3 91. Kb3 Bb2 92. Kc4 Kd2 93. Kb3 Bc1 94. Kc4 Bb2 95. Kb3 Kd1 96. Bc2+ Kd2 97. Bb1 Kc1 98. Bd3 Kd1 99. Bc2+ Ke2 100. Bb1 Bc1 101. Kc4 Bd2 102. Kb3 Bb4 103. Ba2 Kd3 104. Bb1+ Kd2 0-1

[Event "Albena Masters op"]
[Site "Albena"]
[Date "2014.06.06"]
[Round "6"]
[White "Galinsky, Timofey"]
[Black "Pradeep, Kumar RA"]
[Result "1/2-1/2"]
[WhiteElo "2427"]
[BlackElo "2268"]
[PlyCount "111"]
[EventDate "2014.06.01"]
[EventType "swiss"]
[EventRounds "9"]
[EventCountry "BUL"]
[SourceTitle "CBM 160 Extra"]
[Source "ChessBase"]
[SourceDate "2014.07.01"]
[SourceVersion "1"]
[SourceVersionDate "2014.07.01"]
[SourceQuality "1"]

1. d4 Nf6 2. c4 g6 3. Nc3 Bg7 4. e4 d6 5. Be2 0-0 6. Bg5 Na6 7. Qd2 e5 8. d5 c6 9. h4 Nc5 10. f3 cxd5 11. cxd5 Bd7 12. g4 Qa5 13. Rb1 Na4 14. Nb5 Qxd2+ 15. Kxd2 Bxb5 16. Bxb5 Nc5 17. Be3 a6 18. Be2 a5 19. Bxc5 dxc5 20. Bb5 Ne8 21. Bxe8 Rfxe8 22. Ne2 b5 23. b3 a4 24. bxa4 b4 25. a3 bxa3 26. Nc3 c4 27. Rb5 Bf8 28. Kc2 Rec8 29. Kb1 Be7 30. Ka2 h6 31. Rhb1 Kg7 32. h5 Bc5 33. hxg6 fxg6 34. Rb7+ Kf6 35. d6 Kg5 36. d7 Rf8 37. Rc7 Bd4 38. Rxc4 Rad8 39. Rb7 Rf7 40. Rcc7 Bxc3 41. Rxc3 Rfxd7 42. Rxd7 Rxd7 43. Kxa3 h5 44. gxh5 gxh5 45. Kb4 Rb7+ 46. Kc5 Rc7+ 47. Kb4 Rxc3 48. Kxc3 h4 49. a5 h3 50. a6 h2 51. a7 h1Q 52. a8Q Qxf3+ 53. Kd2 Kf4 54. Qf8+ Kxe4 55. Qa8+ Kf4 56. Qf8+ 1/2-1/2